Films d'horreur par images n°2 - Statistiques

Statistiques générales
  • Ce quiz a été pris 375 fois
  • Le résultat moyen est 14 sur 20
Statistiques - réponses
Hint Réponse % Correct
Frankenstein
91%
Alien
90%
Halloween
88%
Saw
88%
Conjuring : les dossiers Warren
84%
Child's play
82%
Les dents de la mer
78%
Paranormal activity
75%
Sans un bruit
74%
The grudge
71%
Bird Box
69%
Carrie au bal du diable
67%
Nosferatu
65%
Midsommar
64%
Le projet blair witch
63%
The boy
56%
Hérédité
55%
Dernier train pour Busan
46%
The visit
46%
[REC]
42%
Aucun quiz correspondant
Distribution des résultats
% des personnes avec chaque résultat
Percentile par nombre de réponses
Votre historique - résultats
Vous n’avez pas pris ce quiz